header

Kate Shelley and the Midnight Express (Record no. 260797)

MARC details
000 -LEADER
fixed length control field 00263nam a22001097a 4500
020 ## - INTERNATIONAL STANDARD BOOK NUMBER
ISBN 0590262769
100 ## - MAIN ENTRY--AUTHOR NAME
Personal name Margaret Wetterer
245 ## - TITLE STATEMENT
Title Kate Shelley and the Midnight Express
260 ## - PUBLICATION, DISTRIBUTION, ETC. (IMPRINT)
Place of publication New York
Name of publisher Scholastic Inc.
Year of publication 1990
300 ## - PHYSICAL DESCRIPTION
Number of Pages 48 pgs.
942 ## - ADDED ENTRY ELEMENTS (KOHA)
Koha item type Long Loan Books
Holdings
Withdrawn status Lost status Collection code Home library Current library Shelving location Date acquired Accession Number Koha item type
    Fiction Rongo University Library Rongo University Library Children's Area 05/10/2023 CL20221942 Long Loan Books

© 2026 Rongo University
Contact us: librarian | system librarian | Rongo university